Music Quiz

Random Music or Nominee Quiz

Song of the Year Noms (2000s) Quiz Stats

 Plays Quiz Updated Sep 17, 2012

Challenge
Share
Tweet
Embed
Score 0/50 Timer 10:00
0 Plays Today
Year Song % Correct
2008Rehab
62.8%
2008Hey There Delilah
60%
2004Beautiful
59.2%
2000Livin' la Vida Loca
57.4%
2008Umbrella
55.7%
2009Viva la Vida
54.7%
2009I'm Yours
53.9%
2000Smooth
53%
2009Love Song
48%
2007You're Beautiful
45.6%
2003Complicated
45.4%
2000I Want It That Way
44.2%
2009American Boy
44.1%
2002Fallin'
42.9%
2002Drops of Jupiter
42.6%
2004Lose Yourself
42.2%
2001Beautiful Day
37.1%
2008Before He Cheats
36.8%
2002I'm Like a Bird
36.7%
2005The Reason
36.6%
2003A Thousand Miles
35.6%
2001I Try
28.2%
2009Chasing Pavements
27.4%
2007Jesus, Take the Wheel
25.7%
2001Say My Name
25.5%
Year Song % Correct
2007Put Your Records On
24.6%
2001Breathe
23.8%
2003Don't Know Why
22.1%
2001I Hope You Dance
21.9%
2005Daughters
19.9%
2005Jesus Walks
19.9%
2006We Belong Together
18.5%
2007Not Ready to Make Nice
14.7%
2000Unpretty
14.5%
2004Dance With My Father
13.7%
2004I'm With You
13.2%
2006Ordinary People
12.7%
2003The Rising
10.2%
2005If I Ain't Got You
10.2%
2005Live Like You Were Dying
9.2%
2002Video
6.7%
2006Bless the Broken Road
6.3%
2008Like a Star
5.8%
2003Where Were You (When the World Stopped Turning)
5.8%
2007Be Without You
5.6%
2002Stuck in a Moment You Can't Get Out Of
4.5%
2006Sometimes You Can't Make it On Your Own
4.3%
2004Keep Me In Your Heart
2.7%
2006Devils & Dust
2.4%
2000You've Got a Way
1.8%

You're not logged in!

Compare scores with friends on all Sporcle quizzes.
OR
Log In

You Might Also Like...

Show Comments

Extras

Top Quizzes Today


Score Distribution

Your Account Isn't Verified!

In order to create a playlist on Sporcle, you need to verify the email address you used during registration. Go to your Sporcle Settings to finish the process.

Report this User

Report this user for behavior that violates our Community Guidelines.

Details: